000 00851nam a2200241Ia 4500
003 OSt
005 20220923221048.0
006 a|||||r|||| 00| 0
007 ta
008 220922b |||||||| |||| 00| 0 hin d
024 _a194,508
037 _cTextual
040 _aARTS
_cARTS
_bhin
041 _2hin
_ahin
082 _aO152,3:g(P), M9-;1
100 _aपाण्डेय, शशि भूषण, शीतांशु
_9164994
245 0 _aरचना संदर्भ
_b कथा भाषा
246 _aRachanā sandarbha: kathā bhāṣhā
260 _aहोशियारपुर
_b प्रतिभा प्रका0
_c1989
300 _a195पृ.
_ccm.
942 _hO152,3:g(P), M9-;1
_cTEXL
_2CC
999 _c346772
_d346772